Municipis de la Ribera Baixa - Estadísticas

Estadísticas generales
  • Esta prueba ha sido intentada 400 veces
  • La puntuación promedio es 9 de 12
Respuestas en el mapa
Las respuestas están codificadas por una escala verde-roja en el mapa de la prueba según el % correcto abajo.
 
Estadísticas de respuestas
Resposta % Correcto
Cullera
99%
Sueca
99%
Almussafes
84%
Corbera
80%
Sollana
80%
Favara
77%
Polinyà de Xúquer
73%
Albalat de la Ribera
72%
Riola
72%
Fortaleny
71%
Llaurí
70%
Benicull de Xúquer
66%
No se encontraron pruebas coincidentes
Distribución de puntuación
Porcentaje de gente con cada puntuación
Porcentaje por número respondido
Historial de tus puntuaciones
No has intentado esta prueba.